000 00687cam a2200241 4500
008 090401t1990 xxu||||| |||| 00| 0 eng d
020 _a0861702530
035 _a(Sirsi) u22263
041 _aeng
050 _a333.78
100 _aSmart, Gerald
245 _aPlanning and management of areas of outstanding natural beauty.
260 _aCheltenham
_bCountryside Commission
_c1990
300 _a40p. : ill. ; 30cm.
350 _a10
490 _aCountryside Commission Paper
_v295
650 _aAREAS OF OUTSTANDING NATURAL BEAUTY
690 _aCONSERVATION
700 _aAnderson, Margaret
710 _aCountryside Commission
_92820
942 _n0
948 _c04/03/1997
999 _c88154
_d88154